[Event "Tradewise Gibraltar Masters 16th"]
[Site "Gibraltar"]
[Date "2018.01.23"]
[Round "1.123"]
[White "Sajjadi, Kimiya"]
[Black "Wallace, John Paul"]
[Result "0-1"]
[WhiteElo "1911"]
[BlackElo "2415"]
[PlyCount "70"]
[EventDate "2018.01.23"]
[EventType "swiss"]
[EventRounds "10"]
[EventCountry "GGB"]
[SourceTitle "BritBase"]
[Source "www.saund.co.uk"]
[SourceDate "2018.02.10"]
[SourceVersion "1"]
[SourceVersionDate "2018.02.10"]
[SourceQuality "1"]

1. d4 d5 2. c4 e6 3. Nc3 Bb4 4. Nf3 Nf6 5. a3 Bxc3+ 6. bxc3 c5 7. e3 O-O 8. Bd3
dxc4 9. Bxc4 Qc7 10. Qc2 b6 11. O-O cxd4 12. Qe2 dxe3 13. Bxe3 Ng4 14. Bd4 Bb7
15. Ne5 Nh6 16. Bd3 Nc6 17. Nxc6 Qxc6 18. f3 Rad8 19. Rae1 Bc8 20. g4 f6 21. g5
fxg5 22. Qe5 Rf6 23. Qxg5 Nf7 24. Bxh7+ Kxh7 25. Qh5+ Nh6 26. Bxf6 gxf6 27. Re4
Rg8+ 28. Kh1 Rg5 29. Qh4 Bb7 30. Rf4 Qxc3 31. Qh3 f5 32. Rd1 Bd5 33. Rf1 Qxa3
34. Rh4 Rg6 35. Rh5 a5 0-1

[Event "Tradewise Gibraltar Masters 16th"]
[Site "Gibraltar"]
[Date "2018.01.23"]
[Round "1.124"]
[White "Keymer, Vincent"]
[Black "Chibnall, Alana"]
[Result "1-0"]
[WhiteElo "2408"]
[BlackElo "1906"]
[PlyCount "57"]
[EventDate "2018.01.23"]
[EventType "swiss"]
[EventRounds "10"]
[EventCountry "GGB"]
[SourceTitle "BritBase"]
[Source "www.saund.co.uk"]
[SourceDate "2018.02.10"]
[SourceVersion "1"]
[SourceVersionDate "2018.02.10"]
[SourceQuality "1"]

1. c4 Nf6 2. Nc3 d6 3. g3 g6 4. Bg2 Bg7 5. d4 O-O 6. Nf3 c6 7. O-O Qa5 8. e4 e5
9. h3 Nbd7 10. Be3 Ne8 11. d5 f5 12. exf5 gxf5 13. Ng5 c5 14. Ne6 Rf7 15. Bd2
Nf8 16. Ne4 Qa6 17. N4g5 Re7 18. Qc2 h6 19. Nxf8 Kxf8 20. Ne6+ Bxe6 21. dxe6
Rxe6 22. Qxf5+ Rf6 23. Qe4 Rb8 24. f4 exf4 25. Rxf4 Kg8 26. Raf1 Rxf4 27. Rxf4
Qb6 28. Qe6+ Kh8 29. Bc3 1-0

[Event "Tradewise Gibraltar Masters 16th"]
[Site "Gibraltar"]
[Date "2018.01.23"]
[Round "1.125"]
[White "Obiamiwe, Paul"]
[Black "Melia, Salome"]
[Result "0-1"]
[WhiteElo "1891"]
[BlackElo "2404"]
[PlyCount "124"]
[EventDate "2018.01.23"]
[EventType "swiss"]
[EventRounds "10"]
[EventCountry "GGB"]
[SourceTitle "BritBase"]
[Source "www.saund.co.uk"]
[SourceDate "2018.02.10"]
[SourceVersion "1"]
[SourceVersionDate "2018.02.10"]
[SourceQuality "1"]

1. Nf3 g6 2. c4 Bg7 3. d4 c5 4. Nc3 cxd4 5. Nxd4 Nf6 6. e4 d6 7. Be2 O-O 8. Be3
Nc6 9. O-O Nd7 10. Rc1 Nc5 11. Qd2 Bd7 12. Rfd1 Qa5 13. f3 Nxd4 14. Bxd4 Bxd4+
15. Qxd4 Bc6 16. Kh1 Ne6 17. Qd2 Qe5 18. b4 b6 19. Nd5 Rae8 20. f4 Qg7 21. f5
gxf5 22. exf5 Ng5 23. Qf4 Kh8 24. h4 Ne6 25. Qf2 Qe5 26. fxe6 fxe6 27. Bf3 exd5
28. cxd5 Bxd5 29. Qd4 Qxd4 30. Rxd4 Bxf3 31. gxf3 Rxf3 32. Rc2 Kg7 33. Kg2 Rf5
34. Rc7 Kf6 35. Rxa7 Rg8+ 36. Kh2 h5 37. Ra3 Rf2+ 38. Kh3 Rgg2 39. Rf3+ Ke5 40.
Rxf2 Rxf2 41. Rd1 Rxa2 42. Re1+ Kf6 43. Rf1+ Ke6 44. Rd1 Kd7 45. Kg3 Rb2 46.
Kf4 Rxb4+ 47. Kg5 Rb5+ 48. Kg6 Rc5 49. Kf7 Re5 50. Rg1 Re4 51. Rh1 Rg4 52. Rb1
Rxh4 53. Rxb6 Rf4+ 54. Kg6 h4 55. Rb7+ Ke6 56. Kg5 Re4 57. Rb1 h3 58. Rh1 Re3
59. Kf4 Ra3 60. Re1+ Kf6 61. Kg4 h2 62. Rf1+ Kg6 0-1

[Event "Tradewise Gibraltar Masters 16th"]
[Site "Gibraltar"]
[Date "2018.01.23"]
[Round "1.126"]
[White "Shachar, Ehud"]
[Black "Mozelius, Peter"]
[Result "1-0"]
[WhiteElo "2401"]
[BlackElo "1871"]
[PlyCount "53"]
[EventDate "2018.01.23"]
[EventType "swiss"]
[EventRounds "10"]
[EventCountry "GGB"]
[SourceTitle "BritBase"]
[Source "www.saund.co.uk"]
[SourceDate "2018.02.10"]
[SourceVersion "1"]
[SourceVersionDate "2018.02.10"]
[SourceQuality "1"]

1. Nf3 g6 2. d4 Bg7 3. e4 d6 4. c3 Nd7 5. Bc4 e6 6. h4 h5 7. Bg5 Bf6 8. Nbd2 a6
9. e5 dxe5 10. Ne4 Bxg5 11. Nfxg5 Nb6 12. Bb3 exd4 13. Qf3 Qe7 14. O-O-O Bd7
15. Rxd4 Bc6 16. Re1 Nd7 17. Qf4 Ndf6 18. Bxe6 fxe6 19. Nxf6+ Nxf6 20. Rxe6
Qxe6 21. Nxe6 Kf7 22. Ng5+ Kg7 23. Qxc7+ Nd7 24. Rxd7+ Bxd7 25. Qxd7+ Kf6 26.
Qf7+ Ke5 27. Qe6+ 1-0

[Event "Tradewise Gibraltar Masters 16th"]
[Site "Gibraltar"]
[Date "2018.01.23"]
[Round "1.127"]
[White "Lochte, Szilvia"]
[Black "Hoolt, Sarah"]
[Result "0-1"]
[WhiteElo "1862"]
[BlackElo "2400"]
[PlyCount "66"]
[EventDate "2018.01.23"]
[EventType "swiss"]
[EventRounds "10"]
[EventCountry "GGB"]
[SourceTitle "BritBase"]
[Source "www.saund.co.uk"]
[SourceDate "2018.02.10"]
[SourceVersion "1"]
[SourceVersionDate "2018.02.10"]
[SourceQuality "1"]

1. d4 f5 2. Bg5 g6 3. Nf3 Bg7 4. e3 Nf6 5. Nbd2 d5 6. Ne5 Nbd7 7. Ndf3 c6 8.
Bd3 Qb6 9. Rb1 Qa5+ 10. Qd2 Qxd2+ 11. Nxd2 Nxe5 12. dxe5 Ng4 13. Nf3 Nxe5 14.
Nxe5 Bxe5 15. c3 Bd6 16. f3 e5 17. Bc2 O-O 18. Rd1 Be6 19. Bb3 Bc5 20. Ke2 Kg7
21. Bh4 Rae8 22. Rhe1 Bc8 23. Kf1 h6 24. Bf2 g5 25. c4 dxc4 26. Bxc4 Bb4 27.
Re2 Rd8 28. Bb3 Rxd1+ 29. Bxd1 Rd8 30. Bc2 b6 31. a3 Bd2 32. Be1 Ba6 33. Bxd2
Rxd2 0-1

[Event "Tradewise Gibraltar Masters 16th"]
[Site "Gibraltar"]
[Date "2018.01.23"]
[Round "1.128"]
[White "Bakalchuk, Johnatan"]
[Black "Gillis Onieva, Celia"]
[Result "1-0"]
[WhiteElo "2400"]
[BlackElo "1848"]
[PlyCount "49"]
[EventDate "2018.01.23"]
[EventType "swiss"]
[EventRounds "10"]
[EventCountry "GGB"]
[SourceTitle "BritBase"]
[Source "www.saund.co.uk"]
[SourceDate "2018.02.10"]
[SourceVersion "1"]
[SourceVersionDate "2018.02.10"]
[SourceQuality "1"]

1. d4 Nf6 2. Nc3 d5 3. Bf4 e6 4. Nb5 Na6 5. a3 c6 6. Nc3 Be7 7. e3 c5 8. Nf3
O-O 9. h3 Bd7 10. Be2 Rc8 11. O-O Nc7 12. Re1 Nce8 13. Ne5 Nd6 14. dxc5 Rxc5
15. Qd4 Nde4 16. Nxe4 Nxe4 17. c4 f6 18. Nxd7 Qxd7 19. cxd5 Qxd5 20. b4 Rc2 21.
Qxa7 e5 22. Bh2 Rd8 23. Bf3 Qd2 24. Bxe4 Ra2 25. Bg3 1-0

[Event "Tradewise Gibraltar Masters 16th"]
[Site "Gibraltar"]
[Date "2018.01.23"]
[Round "1.129"]
[White "Mayank, Pal"]
[Black "Martinez Martin, David"]
[Result "1/2-1/2"]
[WhiteElo "1834"]
[BlackElo "2399"]
[PlyCount "63"]
[EventDate "2018.01.23"]
[EventType "swiss"]
[EventRounds "10"]
[EventCountry "GGB"]
[SourceTitle "BritBase"]
[Source "www.saund.co.uk"]
[SourceDate "2018.02.10"]
[SourceVersion "1"]
[SourceVersionDate "2018.02.10"]
[SourceQuality "1"]

1. Nf3 d5 2. g3 Nc6 3. d4 Bf5 4. Bg2 Qd7 5. c4 dxc4 6. O-O O-O-O 7. Qa4 Kb8 8.
Qxc4 e6 9. Ne5 Nxe5 10. dxe5 Ne7 11. Nc3 Nc6 12. Bg5 Qd4 13. Qxd4 Rxd4 14. Bxc6
bxc6 15. Rad1 Rxd1 16. Rxd1 Bc5 17. Be3 Bxe3 18. fxe3 g5 19. e4 Bg6 20. h3 h5
21. Kf2 Rf8 22. Ke3 Kc8 23. b3 f5 24. exf6 Rxf6 25. Rc1 Kd7 26. Na4 e5 27. Nc5+
Kd6 28. Nb7+ Ke7 29. Na5 Be8 30. Nc4 Ke6 31. Na5 Ke7 32. Nc4 1/2-1/2

[Event "Tradewise Gibraltar Masters 16th"]
[Site "Gibraltar"]
[Date "2018.01.23"]
[Round "1.130"]
[White "Batchimeg, Tuvshintugs"]
[Black "Gravett, Alan D"]
[Result "1-0"]
[WhiteElo "2398"]
[BlackElo "1825"]
[PlyCount "35"]
[EventDate "2018.01.23"]
[EventType "swiss"]
[EventRounds "10"]
[EventCountry "GGB"]
[SourceTitle "BritBase"]
[Source "www.saund.co.uk"]
[SourceDate "2018.02.10"]
[SourceVersion "1"]
[SourceVersionDate "2018.02.10"]
[SourceQuality "1"]

1. d4 Nf6 2. Nf3 g6 3. c4 Bg7 4. Nc3 c5 5. d5 d6 6. g3 O-O 7. Bg2 Na6 8. O-O
Nc7 9. e4 Rb8 10. a4 b6 11. Re1 a6 12. Bf1 e6 13. e5 Nfe8 14. Bf4 exd5 15. exd6
Nxd6 16. Nxd5 Nce8 17. Ne7+ Kh8 18. Nc6 1-0

[Event "Tradewise Gibraltar Masters 16th"]
[Site "Gibraltar"]
[Date "2018.01.23"]
[Round "1.131"]
[White "Opasiak, Dustin Tennessee"]
[Black "Sukandar, Irine Kharisma"]
[Result "0-1"]
[WhiteElo "1797"]
[BlackElo "2387"]
[PlyCount "72"]
[EventDate "2018.01.23"]
[EventType "swiss"]
[EventRounds "10"]
[EventCountry "GGB"]
[SourceTitle "BritBase"]
[Source "www.saund.co.uk"]
[SourceDate "2018.02.10"]
[SourceVersion "1"]
[SourceVersionDate "2018.02.10"]
[SourceQuality "1"]

1. Nf3 c5 2. e4 a6 3. g3 Nc6 4. Bg2 g6 5. d3 Bg7 6. O-O e6 7. c3 Nge7 8. Bf4 e5
9. Be3 d6 10. Qd2 O-O 11. Bh6 f5 12. Bxg7 Kxg7 13. h3 fxe4 14. dxe4 Bxh3 15.
Bxh3 Rxf3 16. Qe2 Rf6 17. Nd2 Qf8 18. Rad1 b5 19. Bg2 Qf7 20. b3 Rf8 21. a4 Rb8
22. axb5 axb5 23. Ra1 b4 24. c4 Rf8 25. f3 Nd4 26. Qd3 Nec6 27. Rf2 g5 28. g4
Nd8 29. Ra6 N8e6 30. Rxd6 Nf4 31. Rxf6 Nxd3 32. Rxf7+ Rxf7 33. Rf1 Ne2+ 34. Kh2
Rf6 35. Bh1 Ndf4 36. Rf2 Rh6# 0-1

[Event "Tradewise Gibraltar Masters 16th"]
[Site "Gibraltar"]
[Date "2018.01.23"]
[Round "1.132"]
[White "Erenberg, Ariel"]
[Black "Wilson, Matthew R"]
[Result "1-0"]
[WhiteElo "2382"]
[BlackElo "1782"]
[PlyCount "55"]
[EventDate "2018.01.23"]
[EventType "swiss"]
[EventRounds "10"]
[EventCountry "GGB"]
[SourceTitle "BritBase"]
[Source "www.saund.co.uk"]
[SourceDate "2018.02.10"]
[SourceVersion "1"]
[SourceVersionDate "2018.02.10"]
[SourceQuality "1"]

1. d4 Nf6 2. c4 e6 3. Nc3 d5 4. cxd5 exd5 5. Bg5 Be7 6. e3 c6 7. Qc2 h6 8. Bh4
Nh5 9. Bxe7 Qxe7 10. Nxd5 Qd6 11. Nc3 O-O 12. Nf3 Re8 13. Be2 Nf6 14. h3 Be6
15. O-O Nd5 16. Nxd5 Bxd5 17. Nd2 Nd7 18. e4 Rac8 19. Rfe1 Be6 20. Qc3 Nf8 21.
e5 Qe7 22. Ne4 c5 23. Nd6 cxd4 24. Qxd4 Ng6 25. Nxe8 Rxe8 26. Bg4 Qg5 27. Qe3
Qh4 28. Qe4 1-0

[Event "Tradewise Gibraltar Masters 16th"]
[Site "Gibraltar"]
[Date "2018.01.23"]
[Round "1.133"]
[White "Klementys, Jerzy"]
[Black "Stark, Lars"]
[Result "0-1"]
[WhiteElo "1739"]
[BlackElo "2381"]
[PlyCount "120"]
[EventDate "2018.01.23"]
[EventType "swiss"]
[EventRounds "10"]
[EventCountry "GGB"]
[SourceTitle "BritBase"]
[Source "www.saund.co.uk"]
[SourceDate "2018.02.10"]
[SourceVersion "1"]
[SourceVersionDate "2018.02.10"]
[SourceQuality "1"]

1. d4 Nf6 2. c4 c5 3. d5 e5 4. Nc3 d6 5. e4 Be7 6. h3 h5 7. Nf3 h4 8. Be2 Nbd7
9. Be3 Nf8 10. Qd2 Ng6 11. a3 a5 12. a4 Nh5 13. O-O-O Ngf4 14. Rhg1 Bd7 15. Nh2
Nxe2+ 16. Qxe2 Bg5 17. Bxg5 Qxg5+ 18. Qd2 Nf4 19. f3 Rh6 20. Ng4 Rg6 21. b3 b6
22. Kb2 Ke7 23. Ne2 Nh5 24. Qxg5+ Rxg5 25. Ne3 Rh8 26. Rdf1 Ng3 27. Nxg3 Rxg3
28. Kc1 g6 29. Kd2 Rh7 30. Rh1 f5 31. Rf2 Rf7 32. Rhf1 fxe4 33. fxe4 Rxf2+ 34.
Rxf2 g5 35. Ke2 g4 36. hxg4 Bxg4+ 37. Kd2 Bd7 38. Ke2 Rg7 39. Rf3 Bg4 40. Nf5+
Bxf5 41. Rxf5 Rxg2+ 42. Kf1 Rg4 43. Rh5 Kf6 44. Rh6+ Kg5 45. Rxd6 h3 46. Rd8 h2
47. Rh8 Rg1+ 48. Kf2 h1=Q 49. Rg8+ Kf6 50. Rxg1 Qxe4 51. Rg3 Qc2+ 52. Ke1 e4
53. Re3 Ke5 54. Kf1 Qd1+ 55. Kf2 Qd4 56. Ke2 Kf4 57. Rh3 Qg1 58. Rh4+ Ke5 59.
Rh5+ Kd4 60. Rh8 Qg2+ 0-1

[Event "Tradewise Gibraltar Masters 16th"]
[Site "Gibraltar"]
[Date "2018.01.23"]
[Round "1.134"]
[White "Mohammad, Nubairshah Shaikh"]
[Black "Francois-Haugrin, Said"]
[Result "1-0"]
[WhiteElo "2380"]
[BlackElo "1714"]
[PlyCount "59"]
[EventDate "2018.01.23"]
[EventType "swiss"]
[EventRounds "10"]
[EventCountry "GGB"]
[SourceTitle "BritBase"]
[Source "www.saund.co.uk"]
[SourceDate "2018.02.10"]
[SourceVersion "1"]
[SourceVersionDate "2018.02.10"]
[SourceQuality "1"]

1. c4 e5 2. Nc3 Nc6 3. g3 f5 4. e3 Nf6 5. d4 e4 6. Nh3 Bb4 7. Bd2 Bxc3 8. Bxc3
d5 9. Nf4 Ne7 10. Bb4 c6 11. Rc1 O-O 12. cxd5 cxd5 13. Qb3 g5 14. Bxe7 Qxe7 15.
Nxd5 Nxd5 16. Bc4 Be6 17. Bxd5 Bxd5 18. Qxd5+ Qf7 19. Rc5 b6 20. Qxf7+ Rxf7 21.
Rc6 f4 22. gxf4 gxf4 23. Rg1+ Kh8 24. Rg4 fxe3 25. fxe3 Raf8 26. Rxe4 Rf1+ 27.
Ke2 R8f2+ 28. Kd3 Rd1+ 29. Kc4 Rc1+ 30. Kd5 1-0

[Event "Tradewise Gibraltar Masters 16th"]
[Site "Gibraltar"]
[Date "2018.01.23"]
[Round "1.135"]
[White "Yilmaz, Kazim"]
[Black "Mkrtchian, Lilit"]
[Result "0-1"]
[WhiteElo "1656"]
[BlackElo "2378"]
[PlyCount "168"]
[EventDate "2018.01.23"]
[EventType "swiss"]
[EventRounds "10"]
[EventCountry "GGB"]
[SourceTitle "BritBase"]
[Source "www.saund.co.uk"]
[SourceDate "2018.02.10"]
[SourceVersion "1"]
[SourceVersionDate "2018.02.10"]
[SourceQuality "1"]

1. c4 Nf6 2. Nc3 e5 3. Nf3 Nc6 4. g3 d5 5. cxd5 Nxd5 6. Bg2 Nb6 7. O-O Be7 8.
d3 O-O 9. Bd2 Be6 10. Qc1 Rb8 11. Bg5 f6 12. Be3 Nd4 13. Bxd4 exd4 14. Ne4 Bd5
15. Nc5 Qd6 16. Nb3 c5 17. e4 dxe3 18. Qxe3 Rfe8 19. Rfe1 Bf7 20. d4 c4 21. Nc5
Nd5 22. Qd2 b6 23. Ne4 Qd7 24. a3 Bf8 25. Nc3 Red8 26. Nxd5 Bxd5 27. Rad1 b5
28. Nh4 b4 29. Bxd5+ Qxd5 30. a4 Qc6 31. d5 Qxa4 32. Nf5 Qd7 33. Re6 Qxe6 34.
dxe6 Rxd2 35. Rxd2 c3 36. bxc3 bxc3 37. Rc2 Bb4 38. Nd4 a5 39. Nc6 Rc8 40. Nd4
Rc4 41. Ne2 Kf8 42. f4 f5 43. Kf2 Ke7 44. Ke3 Kxe6 45. Nd4+ Kf6 46. Kd3 Rc7 47.
Re2 g6 48. Re6+ Kf7 49. Re2 Re7 50. Ra2 Re1 51. Nf3 Rd1+ 52. Ke2 Rb1 53. Ne5+
Ke6 54. Nd3 Kd5 55. Rc2 Kc4 56. Rc1 Rxc1 57. Nxc1 c2 58. Na2 Kb3 59. Nc1+ Kb2
60. Nd3+ Kb1 61. h3 c1=Q 62. Nxc1 Kxc1 63. Kd3 a4 64. Kc4 Bf8 65. g4 a3 66. Kb3
Kb1 67. gxf5 gxf5 68. h4 a2 69. Kc4 a1=Q 70. h5 Kc2 71. Kd5 Kd3 72. Ke6 Ke4 73.
h6 Bxh6 74. Kf7 Qa7+ 75. Ke6 Qb6+ 76. Kd7 Qb7+ 77. Ke6 Qc6+ 78. Ke7 Bxf4 79.
Kf7 Be5 80. Ke7 f4 81. Kf7 f3 82. Ke7 f2 83. Kf7 f1=Q+ 84. Kg8 Qg6# 0-1

[Event "Tradewise Gibraltar Masters 16th"]
[Site "Gibraltar"]
[Date "2018.01.23"]
[Round "1.136"]
[White "Haria, Ravi"]
[Black "Bullock, Lee"]
[Result "1-0"]
[WhiteElo "2374"]
[BlackElo "1572"]
[PlyCount "41"]
[EventDate "2018.01.23"]
[EventType "swiss"]
[EventRounds "10"]
[EventCountry "GGB"]
[SourceTitle "BritBase"]
[Source "www.saund.co.uk"]
[SourceDate "2018.02.10"]
[SourceVersion "1"]
[SourceVersionDate "2018.02.10"]
[SourceQuality "1"]

1. Nf3 d6 2. d4 Nd7 3. g3 c6 4. Bg2 e5 5. O-O Be7 6. c4 g5 7. dxe5 dxe5 8. Nc3
h5 9. Ne4 g4 10. Nh4 Qc7 11. Nf5 Ngf6 12. Nxe7 Kxe7 13. Bg5 Rg8 14. Qb3 Qb6 15.
Qa3+ c5 16. Rad1 Rg6 17. Qe3 Qc7 18. Rd6 a5 19. Nxf6 Rxf6 20. Bxf6+ Kxd6 21.
Qh6 1-0

[Event "Tradewise Gibraltar Masters 16th"]
[Site "Gibraltar"]
[Date "2018.01.23"]
[Round "1.137"]
[White "Cherigui, Mourad"]
[Black "Raja, Harshit"]
[Result "1/2-1/2"]
[WhiteElo "1892"]
[BlackElo "2427"]
[PlyCount "50"]
[EventDate "2018.01.23"]
[EventType "swiss"]
[EventRounds "10"]
[EventCountry "GGB"]
[SourceTitle "BritBase"]
[Source "www.saund.co.uk"]
[SourceDate "2018.02.10"]
[SourceVersion "1"]
[SourceVersionDate "2018.02.10"]
[SourceQuality "1"]

1. e4 c5 2. Nf3 d6 3. d4 cxd4 4. Qxd4 Nc6 5. Bb5 Bd7 6. Bxc6 Bxc6 7. Nc3 Nf6 8.
Bg5 e6 9. O-O-O Be7 10. Kb1 O-O 11. Rhe1 Qa5 12. Qd2 Qc5 13. Nd4 Rfd8 14. f3
Rac8 15. g4 Qc4 16. Nce2 Qa6 17. Ng3 h6 18. Be3 Nd7 19. Bxh6 gxh6 20. Qxh6 Qa5
21. Nxe6 fxe6 22. Qg6+ Kf8 23. Qh6+ Kg8 24. Qg6+ Kf8 25. Qh6+ Kg8 1/2-1/2

[Event "Tradewise Gibraltar Masters 16th"]
[Site "Gibraltar"]
[Date "2018.01.24"]
[Round "2.1"]
[White "Blomqvist, Erik"]
[Black "Vachier-Lagrave, Maxime"]
[Result "1/2-1/2"]
[WhiteElo "2502"]
[BlackElo "2793"]
[PlyCount "62"]
[EventDate "2018.01.23"]
[EventType "swiss"]
[EventRounds "10"]
[EventCountry "GGB"]
[SourceTitle "BritBase"]
[Source "www.saund.co.uk"]
[SourceDate "2018.02.10"]
[SourceVersion "1"]
[SourceVersionDate "2018.02.10"]
[SourceQuality "1"]

1. Nf3 c5 2. c4 Nc6 3. d4 cxd4 4. Nxd4 Nf6 5. Nc3 e6 6. Bf4 d5 7. Ndb5 e5 8.
cxd5 exf4 9. dxc6 bxc6 10. Qxd8+ Kxd8 11. Nd4 Bb7 12. g3 c5 13. Nf3 Bd6 14. Nb5
Bxf3 15. exf3 Re8+ 16. Kd1 Be5 17. Kc2 Ke7 18. Bc4 a6 19. Nc3 Kf8 20. Rad1 h5
21. Nd5 Rab8 22. b3 a5 23. Nxf6 Bxf6 24. Rd7 Re7 25. Rxe7 Kxe7 26. Re1+ Kf8 27.
a4 Bd4 28. Re4 fxg3 29. fxg3 Re8 30. Rxe8+ Kxe8 31. Kd3 Bg1 1/2-1/2

[Event "Tradewise Gibraltar Masters 16th"]
[Site "Gibraltar"]
[Date "2018.01.24"]
[Round "2.2"]
[White "Nakamura, Hikaru"]
[Black "Gunina, Valentina"]
[Result "1-0"]
[WhiteElo "2781"]
[BlackElo "2502"]
[PlyCount "269"]
[EventDate "2018.01.23"]
[EventType "swiss"]
[EventRounds "10"]
[EventCountry "GGB"]
[SourceTitle "BritBase"]
[Source "www.saund.co.uk"]
[SourceDate "2018.02.10"]
[SourceVersion "1"]
[SourceVersionDate "2018.02.10"]
[SourceQuality "1"]

1. e4 c6 2. d4 d5 3. e5 Bf5 4. h4 h5 5. Bd3 Bxd3 6. Qxd3 e6 7. Bg5 Qa5+ 8. Nd2
Ne7 9. Ngf3 Nf5 10. O-O Qa6 11. c4 Bb4 12. b3 Nd7 13. Rfc1 O-O 14. a3 Be7 15.
Bxe7 Nxe7 16. Nf1 Rad8 17. Ng3 dxc4 18. bxc4 c5 19. Qe3 cxd4 20. Nxd4 Ng6 21.
Nf3 Qa5 22. Re1 Rc8 23. Rad1 Nb6 24. Qg5 Rxc4 25. Qxh5 Qa4 26. Ne2 Nd5 27. g3
Re8 28. Ned4 Nf8 29. Ng5 Re7 30. Nf5 exf5 31. Rxd5 Rd4 32. e6 f6 33. Qf7+ Rxf7
34. exf7+ Kh8 35. Re8 Rd1+ 36. Kg2 fxg5 37. Rxd1 Kh7 38. Rxf8 Qc6+ 39. Kg1 Kg6
40. hxg5 f4 41. gxf4 Qe6 42. Rd3 Qg4+ 43. Rg3 Qxf4 44. Rd8 Kxf7 45. Rd7+ Kg6
46. Rxb7 Qc1+ 47. Kh2 Qf4 48. Rb2 Qh4+ 49. Kg1 Qd4 50. Rb1 Qd2 51. Rbb3 Qe1+
52. Kg2 Qe4+ 53. Kh2 Qe2 54. Rbf3 Qd2 55. Rf8 Qd6 56. Rc8 Qd4 57. Rc6+ Kf5 58.
Rf3+ Kxg5 59. Kg2 Qe4 60. Rc7 Kh6 61. Rcc3 Kh7 62. Rce3 Qd5 63. Kh2 Qd6+ 64.
Rg3 Kg8 65. Rc3 Qf4 66. Kg1 Qe5 67. Rc4 Qe1+ 68. Kg2 Qe5 69. Rcg4 Qd5+ 70. Kg1
Kf8 71. Rxg7 Qd1+ 72. Kh2 Qd2 73. Rg8+ Kf7 74. R3g7+ Kf6 75. Rg6+ Kf7 76. R6g7+
Kf6 77. Rg2 Qf4+ 78. R8g3 Qh6+ 79. Rh3 Qf4+ 80. Kh1 Qe4 81. Re3 Qd5 82. Kh2
Qh5+ 83. Rh3 Qe2 84. Rh4 Qf3 85. a4 a5 86. Rd4 Qf5 87. Kg3 Qc2 88. Rf4+ Ke6 89.
f3 Qg6+ 90. Rg4 Qb1 91. Re2+ Kf5 92. Kg2 Qd3 93. Rge4 Qd1 94. Rb2 Qc1 95. Rb5+
Kf6 96. Rd4 Ke6 97. Rdd5 Qc2+ 98. Kg3 Qxa4 99. Re5+ Kf6 100. Rf5+ Kg6 101. Rfc5
Kf7 102. Rxa5 Qd7 103. Rf5+ Kg6 104. Rfd5 Qe6 105. Re5 Qd6 106. Rad5 Qc7 107.
f4 Qc1 108. Re2 Qg1+ 109. Rg2 Qb1 110. Kg4 Kf6 111. Rd6+ Kf7 112. Rgd2 Qg1+
113. Kf5 Qb1+ 114. R2d3 Qc2 115. Rd7+ Kg8 116. Kf6 Qb2+ 117. R3d4 Qa1 118. Rd8+
Kh7 119. f5 Qc3 120. Kf7 Qh3 121. R4d5 Qg4 122. R8d7 Qh5+ 123. Ke7 Qh4+ 124.
Kf7 Qh5+ 125. Kf6+ Kh6 126. R5d6 Qe2 127. Kf7+ Kg5 128. f6 Qh5+ 129. Ke7 Qe2+
130. Kf8 Kg6 131. Rg7+ Kf5 132. f7 Qa2 133. Kg8 Ke5 134. Ra6 Qc4 135. Rgg6 1-0

[Event "Tradewise Gibraltar Masters 16th"]
[Site "Gibraltar"]
[Date "2018.01.24"]
[Round "2.3"]
[White "Debashis, Das"]
[Black "Navara, David"]
[Result "1-0"]
[WhiteElo "2501"]
[BlackElo "2749"]
[PlyCount "103"]
[EventDate "2018.01.23"]
[EventType "swiss"]
[EventRounds "10"]
[EventCountry "GGB"]
[SourceTitle "BritBase"]
[Source "www.saund.co.uk"]
[SourceDate "2018.02.10"]
[SourceVersion "1"]
[SourceVersionDate "2018.02.10"]
[SourceQuality "1"]

1. d4 Nf6 2. c4 e6 3. Nc3 Bb4 4. e3 O-O 5. Bd3 d5 6. Nf3 b6 7. O-O Bb7 8. cxd5
exd5 9. a3 Bd6 10. b4 Re8 11. Qb3 a6 12. Rb1 Nbd7 13. a4 Nf8 14. Ba3 Ne4 15.
Rfc1 Nxc3 16. Rxc3 c6 17. Bf1 b5 18. Qc2 Nd7 19. a5 Nf6 20. Nd2 h5 21. Be2 Re6
22. Bd3 g6 23. Bc1 Qe7 24. Ba3 Re8 25. Bf1 h4 26. Rcb3 Bc8 27. Re1 Ng4 28. Nf3
Rf6 29. h3 Bf5 30. Qd2 Nxf2 31. Qxf2 Bg3 32. Qe2 Be4 33. Ne5 Rf2 34. Qxf2 Bxf2+
35. Kxf2 Qg5 36. Kg1 Bf5 37. e4 Qd2 38. Nf3 Qa2 39. Rbe3 Rxe4 40. Bc1 Kg7 41.
Ra3 Qc2 42. Bd2 Qb2 43. Rc3 Bd7 44. Rec1 f6 45. R3c2 Qa3 46. Rc3 Qb2 47. Bd3
Rxd4 48. R3c2 Qxc1+ 49. Rxc1 Rxd3 50. Rc3 Bf5 51. Rxd3 Bxd3 52. Nd4 1-0

[Event "Tradewise Gibraltar Masters 16th"]
[Site "Gibraltar"]
[Date "2018.01.24"]
[Round "2.4"]
[White "Vitiugov, Nikita"]
[Black "Gagare, Shardul"]
[Result "0-1"]
[WhiteElo "2732"]
[BlackElo "2494"]
[PlyCount "106"]
[EventDate "2018.01.23"]
[EventType "swiss"]
[EventRounds "10"]
[EventCountry "GGB"]
[SourceTitle "BritBase"]
[Source "www.saund.co.uk"]
[SourceDate "2018.02.10"]
[SourceVersion "1"]
[SourceVersionDate "2018.02.10"]
[SourceQuality "1"]

1. e4 e5 2. Nf3 Nc6 3. Bb5 a6 4. Ba4 Nf6 5. O-O Be7 6. Re1 b5 7. Bb3 d6 8. c3
O-O 9. h3 Nb8 10. d4 Nbd7 11. Nbd2 Bb7 12. Bc2 Re8 13. Nf1 Bf8 14. Bg5 h6 15.
Bh4 Qc8 16. N3d2 a5 17. d5 c6 18. dxc6 Bxc6 19. Ne3 d5 20. exd5 Nxd5 21. Ne4
Nf4 22. Bg3 Ra6 23. Qg4 h5 24. Qf3 Nc5 25. Bxf4 exf4 26. Nf6+ gxf6 27. Qxh5 Be4
28. Bxe4 Nxe4 29. Nf5 Ng5 30. Rxe8 Qxe8 31. h4 Qe4 32. Nd4 Ne6 33. Qxb5 Rd6 34.
Nf3 Rd5 35. Qf1 Bc5 36. Re1 Qa4 37. a3 Qb3 38. Qe2 a4 39. Rc1 Rd6 40. Kh2 Qa2
41. Rc2 Qb1 42. Nd4 f3 43. Qxf3 Bxd4 44. Qg3+ Kh7 45. Qd3+ Kh6 46. cxd4 Rxd4
47. Qe3+ Kh7 48. Rc7 Rxh4+ 49. Kg3 Re4 50. Rxf7+ Kg6 51. Qa7 Qd3+ 52. f3 Qd6+
53. Kf2 Qd2+ 0-1

[Event "Tradewise Gibraltar Masters 16th"]
[Site "Gibraltar"]
[Date "2018.01.24"]
[Round "2.5"]
[White "Goryachkina, Aleksandra"]
[Black "Ivanchuk, Vassily"]
[Result "1/2-1/2"]
[WhiteElo "2493"]
[BlackElo "2726"]
[PlyCount "103"]
[EventDate "2018.01.23"]
[EventType "swiss"]
[EventRounds "10"]
[EventCountry "GGB"]
[SourceTitle "BritBase"]
[Source "www.saund.co.uk"]
[SourceDate "2018.02.10"]
[SourceVersion "1"]
[SourceVersionDate "2018.02.10"]
[SourceQuality "1"]

1. d4 Nf6 2. c4 e6 3. g3 Bb4+ 4. Bd2 Qe7 5. Bg2 Nc6 6. e3 Bxd2+ 7. Qxd2 d5 8.
Nf3 dxc4 9. O-O e5 10. Nxe5 Nxe5 11. dxe5 Qxe5 12. Na3 Be6 13. Rac1 Ne4 14. Qd4
Qxd4 15. exd4 Nd6 16. d5 Bd7 17. Nxc4 Kd8 18. Nxd6 cxd6 19. f4 Re8 20. Kf2 Rc8
21. Rxc8+ Kxc8 22. Re1 Rxe1 23. Kxe1 Kc7 24. Kd2 Kb6 25. Kc3 Kc5 26. b4+ Kb6
27. Be4 h6 28. Bd3 Kc7 29. Kd4 Kd8 30. h4 Ke7 31. a3 Kf6 32. Ke3 g5 33. hxg5+
hxg5 34. Bc2 Bf5 35. Bd1 Kg6 36. Be2 Kh6 37. g4 Bc2 38. f5 Kg7 39. Kd4 Bb3 40.
Bf3 Kf6 41. Be2 Ke7 42. Bf3 f6 43. Kc3 Ba4 44. Kd2 Kd8 45. Bd1 Bb5 46. Be2 Bd7
47. Bd1 Kc7 48. a4 Kb6 49. Kc3 a5 50. Kc4 Ka6 51. b5+ Kb6 52. Bc2 1/2-1/2